Văn nghệ quân đội
محفوظ في:
| التنسيق: | كتاب |
|---|---|
| اللغة: | Undetermined |
| منشور في: |
Hà Nội
Tổng cục chính trị. Quân đội nhân dân Việt Nam
2019
|
| الموضوعات: | |
| الوسوم: |
إضافة وسم
لا توجد وسوم, كن أول من يضع وسما على هذه التسجيلة!
|
| Thư viện lưu trữ: | Trung tâm Học liệu Trường Đại học Cần Thơ |
|---|
| LEADER | 00564nam a2200169Ia 4500 | ||
|---|---|---|---|
| 001 | CTU_234085 | ||
| 008 | 210402s9999 xx 000 0 und d | ||
| 082 | |a 306 | ||
| 082 | |b V115 | ||
| 245 | 0 | |a Văn nghệ quân đội | |
| 245 | 0 | |c Tổng cục chính trị. Quân đội nhân dân Việt Nam | |
| 260 | |a Hà Nội | ||
| 260 | |b Tổng cục chính trị. Quân đội nhân dân Việt Nam | ||
| 260 | |c 2019 | ||
| 650 | |a Socialism and literature | ||
| 904 | |i T.Trang | ||
| 980 | |a Trung tâm Học liệu Trường Đại học Cần Thơ | ||